000 004270000a22001210004500
090 _aAS
_bSeriadas
245 1 0 _aMonitoreo global de bosques tropicales mediante satelites: estado actual
041 0 _aEspañol
700 1 _aChávez Alarcón, Juan
_999126
100 1 _aGidding, Lorrain
_999127
942 _cARTICULO
773 1 _tRevista de la Academia Colombiana de Ciencias Exactas, Fisicas y Naturales
_332
_h61
_q129-134
_d1986
_g16
999 _c14137
_d14137